000 00314nam a2200121 a 4500
005 20141022142005.0
008 080922s19uu xx 00 eng d
050 _aVCD
_bRAD11 2003
245 _aRadyo :
_ban essay of Philippine radio.
650 _aVCD-MC
650 _aAN ESSAY OF PHILIPPINE RADIO
942 _cAVM
999 _c276478
_d276478